00452cam a2200169ua 45000010005000000080039000050200018000440400009000620820010000711000017000812450062000982500009001602600039001693000017002086530010002256530047002353493111115n ii |||gr||||Z||||||asm a81-87866-03-9 cMAIN a305.4 aGuha, Anima,11aTriteeya biswa bashineer dristit aru samajcby Anima Guha a1st. aGuwahati:bPuberun Prakash,c2000. a166p:c23cm. aWomen aTriteeya biswa bashineer dristit aru samaj